[Event "Damhus-ch A"]
[Site "Rodovre"]
[Date "2013.09.24"]
[Round "4"]
[White "Hojgaard, Knud"]
[Black "Lergren, Ole"]
[Result "0-1"]
[WhiteElo "1772"]
[BlackElo "1732"]
[PlyCount "138"]
[EventDate "2013.09.03"]
[EventType "tourn"]
[EventRounds "7"]
[EventCountry "DEN"]
[SourceTitle "EXT 2023"]
[Source "ChessBase"]
[SourceDate "2022.10.05"]
[SourceVersion "1"]
[SourceVersionDate "2022.10.05"]
[SourceQuality "1"]

1. d4 d5 2. c4 c6 3. cxd5 cxd5 4. Nf3 f5 5. Nc3 Nf6 6. Bf4 Nc6 7. e3 e6 8. Bd3 Bb4 9. 0-0 a6 10. Rc1 0-0 11. a3 Bd6 12. Na4 Bxf4 13. exf4 Ne4 14. g3 Bd7 15. Nc5 Nxc5 16. Rxc5 Qf6 17. Ne5 Be8 18. Nxc6 Bxc6 19. Be2 Rac8 20. Qd2 b6 21. Rc3 Bb7 22. Rfc1 Rxc3 23. Rxc3 Rc8 24. Rxc8+ Bxc8 25. Qc3 Qd8 26. Qc6 b5 27. b4 Qd7 28. Qc5 Kf7 29. Kg2 Bb7 30. Kf3 Qc6 31. Ke3 h6 32. h4 Qd7 33. Bh5+ g6 34. Bd1 Bc6 35. Bb3 Kg7 36. Qc2 Qe8 37. Qc5 Bd7 38. Bd1 Kf6 39. Kd3 g5 40. hxg5+ hxg5 41. fxg5+ Kxg5 42. Qd6 Bc8 43. Bf3 Bb7 44. Qc7 Qg6 45. Qe7+ Kh6 46. Qh4+ Kg7 47. Bh5 Qf6 48. Qf4 Qe7 49. Qe5+ Kg8 50. Bg6 Bc8 51. Bxf5 Qf7 52. Bg4 Qg6+ 53. Bf5 Qxf5+ 54. Qxf5 exf5 55. Ke3 Kf7 56. Kf4 Kf6 57. f3 Bd7 58. Ke3 Be8 59. Kf4 Bh5 60. Ke3 Kg5 61. Kf2 f4 62. g4 Bg6 63. Kg2 Kh4 64. Kh2 Bc2 65. Kg2 Bd1 66. Kf2 Kh3 67. g5 Bc2 68. Ke2 Kh4 69. Kd2 Bg6 0-1

[Event "Valby K41 Spring-C"]
[Site "Valby"]
[Date "2011.05.03"]
[Round "6"]
[White "Morkore, Thomas"]
[Black "Hojgaard, Knud"]
[Result "1-0"]
[WhiteElo "1854"]
[BlackElo "1811"]
[PlyCount "125"]
[EventDate "2011.03.15"]
[EventType "tourn"]
[EventRounds "7"]
[EventCountry "DEN"]
[SourceTitle "EXT 2023"]
[Source "ChessBase"]
[SourceDate "2022.10.05"]
[SourceVersion "1"]
[SourceVersionDate "2022.10.05"]
[SourceQuality "1"]

1. Nf3 e6 2. c4 f5 3. g3 Nf6 4. Bg2 Be7 5. 0-0 0-0 6. Nc3 d6 7. b4 Qe8 8. d3 a5 9. b5 e5 10. Rb1 Nbd7 11. Ba3 Qh5 12. e3 Rb8 13. Nd5 Nxd5 14. cxd5 b6 15. Nd2 Qxd1 16. Rfxd1 Bb7 17. Rbc1 Bd8 18. Rc2 g5 19. Nc4 Rf6 20. e4 f4 21. Bh3 Nf8 22. Rdc1 h5 23. gxf4 exf4 24. f3 Kh7 25. Rg2 Kh6 26. Kh1 Rf7 27. Bb2 Ng6 28. Be6 Rh7 29. Bf5 Nh4 30. Bxh7 Nxg2 31. Bg8 Nh4 32. Nd2 Bc8 33. Be6 Bb7 34. Kg1 Ng6 35. Nc4 Nf8 36. Bf5 Ng6 37. Kf2 Ne7 38. Be6 Ng6 39. Rc2 Nf8 40. Bf5 Ng6 41. d4 Ne7 42. Be6 Kg6 43. Bc1 h4 44. Ke2 Bc8 45. Kd3 Bb7 46. Ba3 Bc8 47. Ke2 Bb7 48. Nxd6 cxd6 49. Bxd6 Rc8 50. Bxc8 Nxc8 51. Bc7 Bf6 52. Kd3 Kh5 53. d6 g4 54. d7 Na7 55. Bxb6 Nxb5 56. Rc5+ Kg6 57. fxg4 f3 58. d8Q Bxd8 59. Bxd8 Nd6 60. Bxh4 Bxe4+ 61. Ke3 Bb7 62. Bg3 Ne4 63. Rxa5 1-0

[Event "Damhus-ch A"]
[Site "Rodovre"]
[Date "2010.10.26"]
[Round "7"]
[White "Petersen, Steffen"]
[Black "Hojgaard, Knud"]
[Result "1-0"]
[WhiteElo "1625"]
[BlackElo "1790"]
[PlyCount "139"]
[EventDate "2010.09.07"]
[EventType "tourn"]
[EventRounds "7"]
[EventCountry "DEN"]
[SourceTitle "EXT 2023"]
[Source "ChessBase"]
[SourceDate "2022.10.05"]
[SourceVersion "1"]
[SourceVersionDate "2022.10.05"]
[SourceQuality "1"]

1. e4 e6 2. d4 d5 3. Nd2 Nf6 4. Bd3 c5 5. exd5 exd5 6. dxc5 Bxc5 7. Ngf3 Nc6 8. 0-0 0-0 9. Nb3 Bb6 10. Bg5 Qd6 11. Bh4 Bg4 12. Bg3 Qd7 13. c3 h6 14. Bc2 Bf5 15. Ne5 Nxe5 16. Bxe5 Bxc2 17. Qxc2 Ne4 18. Bd4 Bc7 19. f3 Ng5 20. Rae1 Rfe8 21. Bf2 b6 22. Nd4 Rxe1 23. Rxe1 Re8 24. Qf5 Rxe1+ 25. Bxe1 Ne6 26. Bf2 Bd8 27. Qg4 Bf6 28. Be3 Kf8 29. Kf2 Nc5 30. Qxd7 Nxd7 31. Nb5 Ne5 32. b3 Nc6 33. Ke2 Be5 34. g3 Ke7 35. f4 Bb8 36. Kd3 f6 37. b4 Kd7 38. a3 a6 39. Nd4 Nxd4 40. Kxd4 Kc6 41. c4 dxc4 42. Kxc4 Bd6 43. Bd2 f5 44. a4 Be7 45. b5+ axb5+ 46. axb5+ Kd7 47. Kd5 Bc5 48. Be1 Bg1 49. h4 g6 50. h5 gxh5 51. Ke5 h4 52. gxh4 Be3 53. h5 Ke7 54. Bb4+ Kf7 55. Kxf5 Bd4 56. Bd6 Bf2 57. Ke5 Bg1 58. Kd5 Be3 59. Be5 Bc5 60. f5 Bf2 61. Bd4 Bxd4 62. Kxd4 Kf6 63. Kd5 Kxf5 64. Kc6 Kg5 65. Kxb6 Kxh5 66. Ka7 Kg4 67. b6 h5 68. b7 h4 69. b8Q h3 70. Qh2 1-0

[Event "Damhus-ch A"]
[Site "Rodovre"]
[Date "2010.09.14"]
[Round "2"]
[White "Hojgaard, Knud"]
[Black "Akdag, Dara Sevkan"]
[Result "0-1"]
[WhiteElo "1790"]
[BlackElo "2149"]
[PlyCount "116"]
[EventDate "2010.09.07"]
[EventType "tourn"]
[EventRounds "7"]
[EventCountry "DEN"]
[SourceTitle "EXT 2023"]
[Source "ChessBase"]
[SourceDate "2022.10.05"]
[SourceVersion "1"]
[SourceVersionDate "2022.10.05"]
[SourceQuality "1"]

1. d4 Nf6 2. c4 c5 3. Nf3 cxd4 4. Nxd4 e5 5. Nb5 d5 6. cxd5 Bc5 7. e3 0-0 8. N5c3 Re8 9. Be2 e4 10. Nd2 a6 11. a3 Bf5 12. b4 Bf8 13. Bb2 Nbd7 14. Nc4 Rc8 15. Rc1 Ng4 16. Bxg4 Bxg4 17. Qxg4 Rxc4 18. Ne2 Rxc1+ 19. Nxc1 Nb6 20. 0-0 Nc4 21. Qe2 Nxb2 22. Qxb2 Qxd5 23. Qc2 Rd8 24. g3 Rd6 25. Nb3 Rc6 26. Qb1 Qd3 27. Na5 Rc7 28. Qa1 b6 29. Rd1 Qc2 30. Rd5 bxa5 31. Rxa5 Rd7 32. Qe5 Qe2 33. Rd5 Rxd5 34. Qxd5 Qd3 35. Qa5 h5 36. h4 g6 37. Kg2 Qc4 38. Qa4 Kh7 39. Qa5 Bg7 40. Qb6 Bc3 41. Qa5 Qe2 42. Qd5 Qf3+ 43. Kg1 Qf5 44. Qc4 Be5 45. Qxa6 g5 46. hxg5 Qxg5 47. Qf1 h4 48. Qh3 Kg6 49. Qxh4 Qxh4 50. gxh4 Kh5 51. Kg2 Kxh4 52. f3 f5 53. a4 Bd6 54. b5 Bc7 55. Kf2 Kh3 56. fxe4 fxe4 57. Kf1 Kg3 58. Ke2 Ba5 0-1

[Event "Rodovre-ch A"]
[Site "Rodovre"]
[Date "2006.10.24"]
[Round "7"]
[White "Mortensen, Henrik"]
[Black "Hojgaard, Knud"]
[Result "1-0"]
[WhiteElo "1951"]
[BlackElo "1822"]
[PlyCount "81"]
[EventDate "2006.09.05"]
[EventType "tourn"]
[EventRounds "7"]
[EventCountry "DEN"]
[SourceTitle "EXT 2023"]
[Source "ChessBase"]
[SourceDate "2022.10.05"]
[SourceVersion "1"]
[SourceVersionDate "2022.10.05"]
[SourceQuality "1"]

1. e4 e6 2. d4 d5 3. Nd2 Nf6 4. e5 Nfd7 5. c3 c5 6. f4 Nc6 7. Ndf3 cxd4 8. cxd4 Be7 9. Bd3 Qb6 10. Ne2 f6 11. a3 a5 12. Qc2 f5 13. 0-0 Nf8 14. Be3 Bd7 15. Nc3 Na7 16. Bxf5 Rc8 17. Bd3 Qd8 18. Qe2 g6 19. Rac1 Bc6 20. Nb5 Nxb5 21. Bxb5 Qb6 22. Bxc6+ bxc6 23. Rc2 Kf7 24. Ng5+ Kg7 25. Qg4 c5 26. dxc5 Bxc5 27. Bxc5 Rxc5 28. Rxc5 Qxc5+ 29. Kh1 Qc6 30. Qe2 Nd7 31. Qd2 Rc8 32. Qxa5 h6 33. Nf3 Rb8 34. Qd2 Rc8 35. Nd4 Qc4 36. Rd1 Kf7 37. b4 Nb6 38. h3 Qa6 39. f5 gxf5 40. Qxh6 Ke8 41. Nxe6 1-0